000 00392nam a2200145Ia 4500
008 230917s9999||||xx |||||||||||||| ||und||
040 _e49227
_aMAIN
041 _aEnglish
082 _a954.03 H27M
100 _aHasan, Mushirul, ed.
245 0 _aMohamed Ali in Indian politcs: select writings. V2
260 _aNew Delhi
_bAtlantic Publishers
_c1983
300 _axvi, 343 p.
942 _cBK
999 _c52109
_d52109